| 000 | 00942cam a22002775a 4500 | ||
|---|---|---|---|
| 001 | 017705099 | ||
| 003 | OSt | ||
| 005 | 20201128024033.0 | ||
| 008 | 151221t2016 gw a frb 000 0 eng d | ||
| 020 | _a9783319254814 | ||
| 040 |
_aStDuBDS _beng _cStDuBDS _dEG-ScBUE |
||
| 082 | 0 | 4 |
_a616.0754 _222 _bSUR |
| 100 | 1 | _aSuresh Paul, Joseph. | |
| 245 | 1 | 0 |
_aUnderstanding phase contrast MR angiography : _ba practical approach with MATLAB examples / _cJoseph Suresh Paul, Subha Gouri Raveendran. |
| 260 |
_a[Cham] : _bSpringer, _cc.2016. |
||
| 300 |
_aviii, 92 p. : _bill. ; _c24 cm. |
||
| 490 | 0 | _aSpringerBriefs in electrical and computer engineering | |
| 504 | _aIncludes bibliographical references. | ||
| 630 | 0 | 7 |
_aMATLAB. _9826 |
| 650 | 7 |
_aAngiography. _2BUEsh |
|
| 650 | 7 |
_aPhase contrast magnetic resonance imaging. _2BUEsh |
|
| 651 | _2BUEsh | ||
| 653 |
_bCOMSCI _cDecember2016 |
||
| 700 | 1 | _aGouri Raveendran, Subha. | |
| 942 | _2ddc | ||
| 999 |
_c23432 _d23404 |
||